Retrouvez 25 mots à partir d'une définition humoristique 17 - Statistiques

Statistiques générales
  • Ce quiz a été pris 11 fois
  • Le résultat moyen est 4 sur 25
Statistiques - réponses
Définition Initiale Nbre de lettres Mot % Correct
Rapporteur O 2 On
67%
Dense du ventre D 4 Dodu
44%
Tapis dans les bois H 5 Humus
44%
Montée dans un lit C 4 Crue
33%
Célèbre pour sa première impression G 9 Gutenberg
33%
Crème anglaise L 4 Lord
33%
AURICULAIRE A 11 Auriculaire
22%
Avale-hanches C 6 Corset
22%
Figure de rat E 9 Entrechat
22%
Suit le cours des rivières D 11 Diamantaire
11%
Cercle aéronautique L 7 Looping
11%
Plan de l'Hexagone O 5 Orsec
11%
Sans les jetons A 14 Audacieusement
0%
Sa porte est ouverte à tous les vans A 7 Auteuil
0%
Ingrédient de la crème anglaise B 7 Baronet
0%
Acte de naissance C 3 Cri
0%
C'est un gaillard D 7 Dunette
0%
S'engage sur la voie des concessions E 11 Enterrement
0%
Filet d'eau E 9 Epuisette
0%
Sorte de puits E 6 Erudit
0%
Marque le coup après une note. F 5 Fusil
0%
Manque donc d'affection G 5 Guéri
0%
Visité par un sympathique I 7 Innervé
0%
Compte beaucoup d'heures de vol L 5 Lupin
0%
As de pique M 9 Moustique
0%
Aucun quiz correspondant
Distribution des résultats
% des personnes avec chaque résultat
Percentile par nombre de réponses
Votre historique - résultats
Vous n’avez pas pris ce quiz